Professional communication : The corporate insider’s approach

Đã lưu trong:
书目详细资料
主要作者: Plung, Daniel L.
格式: 图书
语言:Undetermined
出版: Australia Thomson 2004
主题:
标签: 添加标签
没有标签, 成为第一个标记此记录!
Thư viện lưu trữ: Trung tâm Học liệu Trường Đại học Cần Thơ
LEADER 00572nam a2200205Ia 4500
001 CTU_100319
008 210402s9999 xx 000 0 und d
020 |c 768000 
082 |a 658.45 
082 |b P737 
100 |a Plung, Daniel L. 
245 0 |a Professional communication : 
245 4 |b The corporate insider’s approach 
245 0 |c Daniel L. Plung 
260 |a Australia 
260 |b Thomson 
260 |c 2004 
650 |a Business communication,Interpersonal communication 
904 |i Truc 
980 |a Trung tâm Học liệu Trường Đại học Cần Thơ